Introductory linear algebra with applications. (Record no. 4446)

000 -LEADER
fixed length control field 00549 a2200181 4500
020 ## - INTERNATIONAL STANDARD BOOK NUMBER
International Standard Book Number 0138413053
082 00 - DEWEY DECIMAL CLASSIFICATION NUMBER
Classification number 512.5
090 ## - LOCALLY ASSIGNED LC-TYPE CALL NUMBER (OCLC); LOCAL CALL NUMBER (RLIN)
-- 460
-- 460
100 1# - MAIN ENTRY--PERSONAL NAME
Personal name Kolman, Bernard,
245 10 - TITLE STATEMENT
Title Introductory linear algebra with applications.
250 ## - EDITION STATEMENT
Edition statement 6th ed. /
Remainder of edition statement Bernard Kolman, with the assistance of David R. Hill.
260 ## - PUBLICATION, DISTRIBUTION, ETC.
Place of publication, distribution, etc. Upper Saddle River, N.J. :
Name of publisher, distributor, etc. Prentice Hall,
Date of publication, distribution, etc. c1997.
300 ## - PHYSICAL DESCRIPTION
Extent xvii, 608, 70, 8 p. ;
Dimensions 24 cm.
500 ## - GENERAL NOTE
General note Includes index.
650 #0 - SUBJECT ADDED ENTRY--TOPICAL TERM
Topical term or geographic name entry element Algebras, Linear.
700 1# - ADDED ENTRY--PERSONAL NAME
Personal name Hill, David R.
Dates associated with a name 1943-
942 ## - ADDED ENTRY ELEMENTS (KOHA)
Koha item type Book
Call number prefix 512.5 KOL
Holdings
Withdrawn status Lost status Damaged status Not for loan Collection code Permanent Location Current Location Shelving location Date acquired Source of acquisition Cost, normal purchase price Total Checkouts Total Renewals Full call number Barcode Checked out Date last seen Date last checked out Price effective from Koha item type
          Central Library (CL) Central Library (CL) General Stacks 05/11/2001 Link, Rawalpindi 104.50 4 2 512.5 KOL SEECS000838 06/23/2021 02/23/2021 02/23/2021 01/05/2017 Book
© 2023 Central Library, National University of Sciences and Technology. All Rights Reserved.